Stone Temple Pilots - Purple Songs - Statistics

General Stats
  • This quiz has been taken 13 times
  • The average score is 8 of 11
Answer Stats
Length Song % Correct
3:14 Interstate Love Song
100%
4:54 Big Empty
82%
2:56 Vasoline
82%
3:33 Still Remains
73%
3:46 Army Ants
64%
3:37 Meatplow
64%
3:42 Pretty Penny
64%
5:16 Silvergun Superman
64%
2:34 Unglued
64%
8:06 Kitchenware & Candybars
55%
5:18 Lounge Fly
45%
No matching quizzes found
Score Distribution
Percent of People with Each Score
Percentile by Number Answered
Your Score History
You have not taken this quiz